| 000 | 01060nam a2200205 a 4500 | ||
|---|---|---|---|
| 001 | 56883 | ||
| 005 | 20180714052841.0 | ||
| 008 | 140415s2011 mx 000 0 spa d | ||
| 020 | _a9786071105653 | ||
| 041 | _aspa | ||
| 082 |
_a720.972 _bART |
||
| 100 | 1 | _aARTIGAS, JUAN B. | |
| 245 | 1 | 0 | _aMEXICO ARQUITECTURA DEL SIGLO XVI |
| 250 | _a1a ed. | ||
| 260 |
_aMEXICO : _bSANTILLANA EDICIONES GENERALES, S.A. DE C.V., _c2011 |
||
| 300 |
_a118 _c21.5 x 3.8 x 26.8 |
||
| 490 | _aCOL.UPAEP | ||
| 520 | _aDURANTE EL SIGLO XVI LA ARQUITECTURA DE NUEVA ESPAÑA FUE LA MAS IMPORTANTE DEL CONTINENTE POR SU CUANTIA Y CALIDAD EXCEPCIONALES. SON SUS EDIFICIOS RELIGIOSOS LOS QUE HAN LLEGADO EN MAYOR NUMERO AL SIGLO XXI. SE APOYARON EN EL ORDENAMIENTO CIVIL DEL TERRITORIO Y EN LA FUNDACION DE CIUDADES YA AMERICANAS, TANTO COMO EN LA CREACION DE HOSPITALES, FUENTES Y ACUEDUCTOS PARA ASENTAR Y MEJORAR LOS ESPACIOS PUBLICOS. LA PRESENTE OBRA ACTUALIZA EL CONOCIMIENTO, ESTA BASADA EN LA VIVENCIA PROFU | ||
| 650 | 1 | 4 |
_aARQUITECTURA _xMEXICO _xSIGLO XVI |
| 999 |
_c56883 _d56883 |
||